| 000 | 00383nam a2200133Ia 4500 | ||
|---|---|---|---|
| 008 | 240624s9999 xx 000 0 und d | ||
| 041 | _aeng | ||
| 082 | _a332 CFP | ||
| 100 | _aRNIS COLLEGE OF FINANCIAL PLANNING | ||
| 245 | _aINTRODUCTION TO FINANCIAL PLANNING | ||
| 260 |
_c2010 _aNew Delhi _bRNIS College of Financial Planning |
||
| 300 | _avii, : 256 : p. : cm. ; 27 | ||
| 440 | _v5 | ||
| 999 |
_c18104 _d18104 |
||